000 00330nam a22001457a 4500
008 230414b ||||| |||| 00| 0 eng d
020 _a9780073397566
041 _aeng
080 _2ANNUAL EDITIONS
_a37
082 _a37GRI
100 _a23
101 _aEDUKIM
245 _aDEVELOPING WORLD
_cGRIFFITHS.J.R
942 _2udc
_cBK
999 _c59541
_d59541